| 000 | 00472nam a22001457a 4500 | ||
|---|---|---|---|
| 082 | _aP-249 | ||
| 100 |
_aKhurram Javed syn no 6 _947992 |
||
| 245 |
_aEvaluation of Causes of Cracks Occuring in Super Structure of Jhal Khanuana Bridge Faisalabad and Their Remdial Measues _cKhurram Javed, Azhar Saeed |
||
| 260 |
_aRisalpur _bMCE _c23 April 2003 |
||
| 300 | _aP-136 | ||
| 526 |
_a0 _b0 _c0 _dP_249 |
||
| 650 | _aProject | ||
| 700 |
_aMuhammad Iqbal _94316 |
||
| 942 |
_2ddc _cBK |
||
| 999 |
_c551051 _d551051 |
||